Postcolonialism <a> very short introduction

Gespeichert in:
Bibliographische Detailangaben
1. Verfasser: Young, Robert J. C.
Format: Buch
Sprache:Englisch
Veröffentlicht: New York Oxford University Press 2003
Schriftenreihe:Very short introductions
Schlagworte:
Tags: Tag hinzufügen
Keine Tags, Fügen Sie das erste Tag hinzu!

MARC

LEADER 00000nam$a2200000$$$4500
001 0113506
005 20240306135318.8
020 |a 978-0-19-280182-1 
041 0 |a eng 
044 |a US 
245 1 0 |a Postcolonialism  |b <a> very short introduction  |c Robert J. C. Young 
264 1 |a New York  |b Oxford University Press  |c 2003 
300 |a 178 s. 
490 1 |a Very short introductions 
830 0 |a Very short introductions 
610 2 0 |a kolonializmus 
610 2 0 |a história 
610 2 0 |a problémy spoločenské 
610 2 0 |a práva ľudské 
610 2 0 |a ženy 
610 2 0 |a nerovnosť 
610 2 0 |a vývoj spoločenský 
610 2 0 |a hnutie revolučné 
100 1 |a Young, Robert J. C.